000 00490nam a2200169Ia 4500
003 OSt
005 20191228104029.0
008 190216s9999||||xx |||||||||||||| ||und||
040 _coclc
082 _a330.015195
_bJOS/B
100 _aJoseph, K X
_9761
245 0 _aBasic Econometrics /
_cK X Joseph
260 _bCalicut University Central Co-Operative,
_c2004.
300 _a232p
650 _aEconomics
942 _cBK
_2ddc
_h330.015195
_iJOS/B
_k330.015195
_mJOS/B
999 _c10761
_d10761